Sons of destiny / (Record no. 32656)

MARC details
000 -LEADER
fixed length control field 02291nam a2200337 a 4500
005 - DATE AND TIME OF LATEST TRANSACTION
control field 20091212135348.0
008 - FIXED-LENGTH DATA ELEMENTS--GENERAL INFORMATION
fixed length control field 060711r20081994mnua j 000 1 eng
010 ## - LCCN (DPL NO)
LC control number B-385195-203
020 ## - INTERNATIONAL STANDARD BOOK NUMBER
International Standard Book Number 9780007255740
Terms of availability 150.00
035 ## - SYSTEM CONTROL NUMBER
System control number B-385195-203
037 ## - SOURCE OF ACQUISITION
Source of stock number/acquisition Blueberry Books
040 ## - CATALOGING SOURCE
Original cataloging agency dpl
Language of cataloging English
082 ## - DEWEY DECIMAL CLASSIFICATION NUMBER
Classification number S
100 ## - MAIN ENTRY--PERSONAL NAME
Personal name Shan, Darren
245 ## - TITLE STATEMENT
Title Sons of destiny /
Statement of responsibility, etc by Darren Shan
Remainder of title
260 ## - PUBLICATION, DISTRIBUTION, ETC. (IMPRINT)
Name of publisher, distributor, etc HarperCollins Publishers
Date of publication, distribution, etc 2007
Place of publication, distribution, etc New York
270 ## - ADDRESS
Address 10 East 53rd Street
City New York
Postal code 1022
300 ## - PHYSICAL DESCRIPTION
Extent 208p.
Dimensions 20cm(pbk)
490 ## - SERIES STATEMENT
Series statement the saga of Darren Shan; book 12
942 ## - ADDED ENTRY ELEMENTS (KOHA)
Source of classification or shelving scheme Dewey Decimal Classification
Item type Children Books
Call number suffix SHA
Classification part S
Holdings
Withdrawn status Lost status Source of classification or shelving scheme Damaged status Not for loan Collection code Home library Current library Date acquired Source of acquisition Cost, normal purchase price Total Checkouts Full call number Barcode Date last seen Copy number Cost, replacement price Koha item type Total Renewals
    Dewey Decimal Classification     Fiction Bawana Bawana 10/06/2010 Blueberry Books/5571/27.3.10/157/27.1.10/27.3.10 150.00 3 S SHA B-385202 29/04/2024 1 150.00 Children Books  
    Dewey Decimal Classification     Fiction Central Library Central Library 10/06/2010 Blueberry Books/5571/27.3.10/157/27.1.10/27.3.10 150.00 1 S SHA B-385195 18/04/2017 1 150.00 Children Books  
    Dewey Decimal Classification     Fiction Janak Puri Janak Puri 10/06/2010 Blueberry Books/5571/27.3.10/157/27.1.10/27.3.10 150.00 18 S SHA B-385197 22/03/2021 1 150.00 Children Books  
    Dewey Decimal Classification     Fiction Narela Narela 10/06/2010 Blueberry Books/5571/27.3.10/157/27.1.10/27.3.10 150.00   S SHA B-385201 10/06/2010 1 150.00 Children Books  
  Written-off vide DLB M. No. 383 dt 16.05.19 Dewey Decimal Classification     Fiction Patel Nagar Patel Nagar 10/06/2010 Blueberry Books/5571/27.3.10/157/27.1.10/27.3.10 150.00   S SHA B-385196 10/06/2010 1 150.00 Children Books  
    Dewey Decimal Classification     Fiction R.K.Puram-8 R.K.Puram-8 10/06/2010 Blueberry Books/5571/27.3.10/157/27.1.10/27.3.10 150.00   S SHA B-385199 10/06/2010 1 150.00 Children Books  
    Dewey Decimal Classification     Fiction Sarojini Nagar Sarojini Nagar 10/06/2010 Blueberry Books/5571/27.3.10/157/27.1.10/27.3.10 150.00   S SHA B-385198 10/06/2010 1 150.00 Children Books  
    Dewey Decimal Classification     Fiction Shahdara Branch Shahdara Branch 10/06/2010 Blueberry Books/5571/27.3.10/157/27.1.10/27.3.10 150.00 1 S SHA B-385203 28/01/2020 1 150.00 Children Books  
    Dewey Decimal Classification     Fiction Vinoba Puri Vinoba Puri 10/06/2010 Blueberry Books/5571/27.3.10/157/27.1.10/27.3.10 150.00 8 S SHA B-385200 04/03/2014 1 150.00 Children Books 1

© Delhi Public Library
Hit Counter
free hit counter